00434nam a2200157Ia 450000500170000000800410001704000190005804100120007708200130008910000220010224500810012426000310020530000100023665000200024685000100026620240502104647.0131103s9999 xx 000 0 und d aLoreto College aEnglish a428bCHI aChin - tin, Chang aModern certificate comprehension and summary for Hong KongcChang Chin - tin aHong KongbJing Kungc1980 a92p.  aEnglish readers aLCBED